[Event "EUYCC 2025 - U12"]
[Site "?"]
[Date "2025.08.20"]
[Round "2.7"]
[White "Hamernikova, Iris"]
[Black "Vanek, Martin"]
[Result "0-1"]
[BlackElo "1791"]
[WhiteElo "1511"]
[LiveChessVersion "1.4.8"]

1. e4 {[%clk 1:30:58]} e6 {[%clk 1:30:58]} 2. d4 {[%clk 1:31:21]} d5
{[%clk 1:31:22]} 3. exd5 {[%clk 1:31:45]} exd5 {[%clk 1:31:50]} 4. Bd3
{[%clk 1:31:22]} Bd6 {[%clk 1:32:12]} 5. Nf3 {[%clk 1:31:35]} Ne7
{[%clk 1:32:33]} 6. O-O {[%clk 1:31:57]} Nbc6 {[%clk 1:32:50]} 7. Re1
{[%clk 1:15:20]} Bg4 {[%clk 1:32:47]} 8. Nbd2 {[%clk 1:15:43]} Nxd4
{[%clk 1:28:23]} 9. h3 {[%clk 1:16:08]} Bh5 {[%clk 1:24:24]} 10. c3
{[%clk 1:15:23]} Nxf3+ {[%clk 1:23:52]} 11. Nxf3 {[%clk 1:15:48]} Qd7
{[%clk 1:21:55]} 12. b4 {[%clk 1:15:50]} O-O-O {[%clk 1:18:25]} 13. a4
{[%clk 1:16:00]} f6 {[%clk 1:16:47]} 14. b5 {[%clk 1:15:27]} g5 {[%clk 1:14:52]}
15. a5 {[%clk 1:15:40]} g4 {[%clk 1:11:38]} 16. hxg4 {[%clk 1:16:00]} Qxg4
{[%clk 1:07:37]} 17. Bf1 {[%clk 1:11:56]} Rhg8 {[%clk 0:58:31]} 18. Re3
{[%clk 1:09:19]} Qh3 {[%clk 0:55:29]} 19. g3 {[%clk 1:00:59]} Qg4
{[%clk 0:46:50]} 20. Ra4 {[%clk 0:57:54]} Qg7 {[%clk 0:36:02]} 21. Bh3+
{[%clk 0:56:54]} f5 {[%clk 0:33:56]} 22. Qf1 {[%clk 0:56:31]} Kb8
{[%clk 0:31:07]} 23. Rd3 {[%clk 0:54:54]} Rdf8 {[%clk 0:28:50]} 24. Qg2
{[%clk 0:43:25]} f4 {[%clk 0:23:20]} 25. gxf4 {[%clk 0:26:20]} Qxg2+
{[%clk 0:21:21]} 26. Bxg2 {[%clk 0:26:45]} Bg6 {[%clk 0:21:07]} 27. Re3
{[%clk 0:21:10]} Be4 {[%clk 0:20:45]} 28. Rexe4 {[%clk 0:15:45]} dxe4
{[%clk 0:21:01]} 29. Rxe4 {[%clk 0:16:11]} Ng6 {[%clk 0:16:18]} 30. Ne5
{[%clk 0:14:19]} Nh4 {[%clk 0:11:51]} 31. Nd7+ {[%clk 0:14:25]} Kc8
{[%clk 0:12:10]} 32. Nxf8 {[%clk 0:14:49]} Bxf8 {[%clk 0:12:30]} 33. Re8+
{[%clk 0:14:17]} Kd7 {[%clk 0:12:51]} 34. Rxf8 {[%clk 0:14:12]} Rxf8
{[%clk 0:12:55]} 35. Bxb7 {[%clk 0:14:39]} Ng6 {[%clk 0:11:22]} 36. Bc6+
{[%clk 0:15:05]} Kc8 {[%clk 0:11:15]} 37. Be3 {[%clk 0:15:00]} Kb8
{[%clk 0:11:12]} 38. Be4 {[%clk 0:13:19]} Nxf4 {[%clk 0:09:32]} 39. Bxh7
{[%clk 0:13:06]} Ne2+ {[%clk 0:09:04]} 40. Kg2 {[%clk 0:13:29]} Nxc3
{[%clk 0:09:02]} 41. b6 {[%clk 0:12:39]} axb6 {[%clk 0:09:01]} 42. axb6
{[%clk 0:12:57]} c6 {[%clk 0:08:19]} 43. Bc2 {[%clk 0:12:21]} Kb7
{[%clk 0:07:34]} 44. Bb3 {[%clk 0:12:32]} Ne4 {[%clk 0:06:21]} 45. Bc2
{[%clk 0:12:23]} Nd6 {[%clk 0:06:11]} 46. f4 {[%clk 0:10:48]} Nc4
{[%clk 0:05:12]} 47. Kf3 {[%clk 0:09:14]} Nxe3 {[%clk 0:04:46]} 48. Kxe3
{[%clk 0:09:40]} Kxb6 {[%clk 0:04:44]} 49. f5 {[%clk 0:09:54]} Kc5
{[%clk 0:04:55]} 50. Ke4 {[%clk 0:10:05]} Kd6 {[%clk 0:05:16]} 51. Kd4
{[%clk 0:09:54]} c5+ {[%clk 0:05:21]} 52. Ke4 {[%clk 0:09:38]} Rf6
{[%clk 0:05:26]} 53. Kf4 {[%clk 0:08:53]} Kd5 {[%clk 0:05:41]} 54. Be4+
{[%clk 0:08:46]} Kd4 {[%clk 0:05:57]} 55. Bc2 {[%clk 0:08:44]} c4
{[%clk 0:06:01]} 56. Kg5 {[%clk 0:06:21]} Ke5 {[%clk 0:06:20]} 57. Bb1
{[%clk 0:05:49]} c3 {[%clk 0:06:22]} 58. Kg4 {[%clk 0:05:49]} Rb6 0-1

[Event "EUYCC 2025 - U12"]
[Site "?"]
[Date "2025.08.20"]
[Round "2.8"]
[White "Cieslar, Nikodem"]
[Black "Flidr, Jan"]
[Result "1-0"]
[BlackElo "1431"]
[WhiteElo "1786"]
[LiveChessVersion "1.4.8"]

1. e4 {[%clk 1:30:58]} c5 {[%clk 1:30:44]} 2. c3 {[%clk 1:29:17]} d5
{[%clk 1:30:40]} 3. exd5 {[%clk 1:29:39]} Qxd5 {[%clk 1:31:03]} 4. d4
{[%clk 1:30:04]} Nf6 {[%clk 1:30:52]} 5. Nf3 {[%clk 1:30:23]} e6 {[%clk 1:30:57]}
6. Bd3 {[%clk 1:28:55]} Nc6 {[%clk 1:28:39]} 7. O-O {[%clk 1:29:14]} cxd4
{[%clk 1:26:34]} 8. cxd4 {[%clk 1:29:37]} Be7 {[%clk 1:22:48]} 9. Nc3
{[%clk 1:29:01]} Qd6 {[%clk 1:22:29]} 10. Re1 {[%clk 1:27:56]} O-O
{[%clk 1:19:11]} 11. Be3 {[%clk 1:28:08]} a6 {[%clk 1:18:25]} 12. Rc1
{[%clk 1:27:43]} Rd8 {[%clk 1:10:51]} 13. Bb1 {[%clk 1:16:24]} b5
{[%clk 1:05:26]} 14. Ne4 {[%clk 1:09:21]} Nxe4 {[%clk 1:00:00]} 15. Bxe4
{[%clk 1:06:51]} Bb7 {[%clk 1:00:00]} 16. Ne5 {[%clk 0:41:05]} Rac8
{[%clk 0:56:59]} 17. Bxh7+ {[%clk 0:28:43]} Kxh7 {[%clk 0:54:30]} 18. Qh5+
{[%clk 0:28:19]} Kg8 {[%clk 0:53:49]} 19. Qxf7+ {[%clk 0:28:45]} Kh7
{[%clk 0:52:36]} 20. Bh6 {[%clk 0:22:09]} Rg8 {[%clk 0:47:34]} 21. Qg6+
{[%clk 0:22:31]} Kh8 {[%clk 0:47:22]} 22. Nf7# {[%clk 0:23:00]} 1-0

[Event "EUYCC 2025 - U12"]
[Site "?"]
[Date "2025.08.20"]
[Round "2.10"]
[White "Bogomolnikova, Zlata"]
[Black "Janovicek, Lukas"]
[Result "1-0"]
[BlackElo "1835"]
[WhiteElo "1798"]
[LiveChessVersion "1.4.8"]

1. d4 {[%clk 1:30:57]} d5 {[%clk 1:30:56]} 2. c4 {[%clk 1:31:19]} e6
{[%clk 1:31:21]} 3. cxd5 {[%clk 1:31:44]} exd5 {[%clk 1:31:47]} 4. Nc3
{[%clk 1:31:59]} c6 {[%clk 1:32:09]} 5. Qc2 {[%clk 1:32:24]} g6 {[%clk 1:32:32]}
6. e4 {[%clk 1:32:40]} dxe4 {[%clk 1:32:15]} 7. Qxe4+ {[%clk 1:33:02]} Qe7
{[%clk 1:28:34]} 8. Bc4 {[%clk 1:32:33]} Nf6 {[%clk 1:25:48]} 9. Qxe7+
{[%clk 1:32:27]} Kxe7 {[%clk 1:14:34]} 10. Nf3 {[%clk 1:20:46]} Nbd7
{[%clk 1:08:29]} 11. O-O {[%clk 1:14:51]} Bg7 {[%clk 1:04:07]} 12. Bf4
{[%clk 1:07:54]} Re8 {[%clk 0:55:55]} 13. Ng5 {[%clk 1:04:40]} Nb6
{[%clk 0:33:38]} 14. Bxf7 {[%clk 1:01:54]} Rf8 {[%clk 0:32:26]} 15. Rfe1+
{[%clk 1:00:28]} Kd8 {[%clk 0:24:10]} 16. Bd6 {[%clk 0:56:31]} Rh8
{[%clk 0:24:24]} 17. Bxg6 {[%clk 0:46:40]} 1-0

[Event "EUYCC 2025 - U12"]
[Site "?"]
[Date "2025.08.20"]
[Round "2.11"]
[White "Manouvel, Maelys"]
[Black "Rudys, Augustas"]
[Result "1-0"]
[BlackElo "1555"]
[WhiteElo "1739"]
[LiveChessVersion "1.4.8"]

1. e4 {[%clk 1:29:58]} c5 {[%clk 1:30:50]} 2. Nf3 {[%clk 1:29:54]} Nc6
{[%clk 1:31:08]} 3. Bb5 {[%clk 1:29:32]} g6 {[%clk 1:30:24]} 4. O-O
{[%clk 1:29:05]} Bg7 {[%clk 1:28:36]} 5. Re1 {[%clk 1:27:46]} Nd4
{[%clk 1:25:46]} 6. Nxd4 {[%clk 1:24:53]} cxd4 {[%clk 1:26:04]} 7. c3
{[%clk 1:20:30]} a6 {[%clk 1:22:49]} 8. Ba4 {[%clk 1:19:04]} b5 {[%clk 1:18:19]}
9. Bb3 {[%clk 1:17:24]} e6 {[%clk 1:16:45]} 10. d3 {[%clk 1:11:34]} dxc3
{[%clk 1:15:25]} 11. Nxc3 {[%clk 1:11:12]} Ne7 {[%clk 1:13:25]} 12. d4
{[%clk 1:07:48]} O-O {[%clk 1:12:18]} 13. Bg5 {[%clk 1:01:25]} h6
{[%clk 1:08:42]} 14. Be3 {[%clk 0:59:04]} Kh7 {[%clk 1:05:27]} 15. a3
{[%clk 0:50:07]} f5 {[%clk 1:04:35]} 16. f3 {[%clk 0:48:15]} d6 {[%clk 0:57:18]}
17. Qd2 {[%clk 0:43:15]} Nc6 {[%clk 0:51:06]} 18. Bxe6 {[%clk 0:33:45]} f4
{[%clk 0:43:12]} 19. Bf2 {[%clk 0:31:52]} Bxe6 {[%clk 0:41:59]} 20. d5
{[%clk 0:32:12]} Na5 {[%clk 0:39:43]} 21. dxe6 {[%clk 0:26:01]} Nb3
{[%clk 0:39:08]} 22. Qd5 {[%clk 0:26:08]} Nxa1 {[%clk 0:39:02]} 23. Rxa1
{[%clk 0:26:31]} Rc8 {[%clk 0:37:10]} 24. Rd1 {[%clk 0:24:29]} Bxc3
{[%clk 0:35:58]} 25. bxc3 {[%clk 0:24:52]} Rxc3 {[%clk 0:35:14]} 26. Qb7+
{[%clk 0:17:51]} Kg8 {[%clk 0:33:51]} 27. e7 {[%clk 0:17:52]} 1-0

[Event "EUYCC 2025 - U12"]
[Site "?"]
[Date "2025.08.20"]
[Round "2.12"]
[White "Sevcikova, Terezie"]
[Black "Kozusnik, Jan"]
[Result "0-1"]
[BlackElo "1726"]
[WhiteElo "1568"]
[LiveChessVersion "1.4.8"]

1. e4 {[%clk 1:30:53]} c5 {[%clk 1:30:56]} 2. Nf3 {[%clk 1:31:16]} Nc6
{[%clk 1:31:23]} 3. d4 {[%clk 1:31:22]} cxd4 {[%clk 1:31:48]} 4. Nxd4
{[%clk 1:31:45]} g6 {[%clk 1:32:15]} 5. Nc3 {[%clk 1:31:22]} Bg7 {[%clk 1:32:38]}
6. Be3 {[%clk 1:31:04]} Nf6 {[%clk 1:32:55]} 7. Qd2 {[%clk 1:27:12]} Ng4
{[%clk 1:32:41]} 8. Nxc6 {[%clk 1:26:20]} bxc6 {[%clk 1:32:46]} 9. Bd4
{[%clk 1:24:28]} Nf6 {[%clk 1:31:51]} 10. Bc4 {[%clk 1:20:21]} O-O
{[%clk 1:31:20]} 11. Bb3 {[%clk 1:20:37]} Ba6 {[%clk 1:30:21]} 12. O-O-O
{[%clk 1:19:38]} Qc7 {[%clk 1:29:35]} 13. Bxf6 {[%clk 1:17:42]} Bxf6
{[%clk 1:29:54]} 14. Qxd7 {[%clk 1:17:28]} Qb6 {[%clk 1:29:11]} 15. Na4
{[%clk 1:08:45]} Qxf2 {[%clk 1:28:20]} 16. Qd2 {[%clk 1:00:12]} Qh4
{[%clk 1:25:28]} 17. Qe1 {[%clk 0:57:37]} Qg5+ {[%clk 1:25:24]} 18. Qd2
{[%clk 0:42:04]} Qe5 {[%clk 1:24:29]} 19. h4 {[%clk 0:39:53]} h5 20. Nc3
{[%clk 0:38:33]} c5 {[%clk 1:02:30]} 21. Qd5 {[%clk 0:31:07]} Qf4+
{[%clk 0:59:27]} 22. Qd2 {[%clk 0:30:50]} Qg4 {[%clk 0:57:16]} 23. g3
{[%clk 0:24:55]} Bd4 {[%clk 0:45:35]} 24. Nd5 {[%clk 0:23:00]} Qxg3
{[%clk 0:43:43]} 25. Nxe7+ {[%clk 0:23:07]} Kh7 {[%clk 0:43:20]} 26. Kb1
{[%clk 0:21:35]} Bb7 {[%clk 0:41:37]} 27. Nd5 {[%clk 0:20:05]} Qe5
{[%clk 0:40:39]} 28. Nc3 {[%clk 0:14:30]} Rab8 {[%clk 0:33:03]} 29. Rde1
{[%clk 0:12:23]} Bxc3 {[%clk 0:32:24]} 30. Qxc3 {[%clk 0:12:38]} Qxc3 31. bxc3
{[%clk 0:13:04]} c4 {[%clk 0:32:39]} 32. Bxc4 {[%clk 0:12:32]} Bxe4+
{[%clk 0:32:53]} 33. Bb3 {[%clk 0:12:57]} Bxh1 {[%clk 0:33:01]} 34. Rxh1
{[%clk 0:13:20]} Rfc8 {[%clk 0:33:09]} 35. Kb2 {[%clk 0:13:14]} a5
{[%clk 0:32:17]} 36. a4 {[%clk 0:13:37]} Rc4 {[%clk 0:32:09]} 37. Ka2
{[%clk 0:12:19]} Rxc3 {[%clk 0:32:19]} 38. Re1 {[%clk 0:12:22]} Rb7
{[%clk 0:31:49]} 39. Re5 {[%clk 0:12:34]} Ra7 {[%clk 0:32:02]} 40. Kb2
{[%clk 0:11:59]} Rg3 {[%clk 0:32:01]} 41. c4 {[%clk 0:12:00]} Rg4
{[%clk 0:31:35]} 42. c5 {[%clk 0:12:00]} Rxh4 {[%clk 0:31:02]} 43. c6
{[%clk 0:12:23]} Rc7 {[%clk 0:30:43]} 44. Rxa5 {[%clk 0:12:10]} Rh2+
{[%clk 0:30:04]} 45. Kb1 {[%clk 0:11:21]} Rxc6 {[%clk 0:29:49]} 46. Ra7
{[%clk 0:08:58]} Rf6 {[%clk 0:29:39]} 47. Rxf7+ {[%clk 0:08:45]} Rxf7
{[%clk 0:30:04]} 48. Bxf7 {[%clk 0:09:09]} Rf2 {[%clk 0:30:13]} 49. Be6
{[%clk 0:08:51]} Rf6 {[%clk 0:30:36]} 50. Bc4 {[%clk 0:09:13]} Rc6
{[%clk 0:30:59]} 51. Bd3 {[%clk 0:09:24]} Rc7 {[%clk 0:31:15]} 52. a5
{[%clk 0:09:39]} h4 {[%clk 0:31:29]} 53. Bf1 {[%clk 0:09:51]} g5 {[%clk 0:31:44]}
0-1

[Event "EUYCC 2025 - U12"]
[Site "?"]
[Date "2025.08.20"]
[Round "2.13"]
[White "Hrckova, Anna"]
[Black "Krastinsh, Daniels"]
[Result "1-0"]
[BlackElo "1560"]
[WhiteElo "1705"]
[LiveChessVersion "1.4.8"]

1. e4 {[%clk 1:30:58]} c6 {[%clk 1:30:49]} 2. d4 {[%clk 1:31:25]} d5
{[%clk 1:31:10]} 3. exd5 {[%clk 1:31:51]} cxd5 {[%clk 1:31:23]} 4. Bd3
{[%clk 1:32:16]} Nc6 {[%clk 1:31:32]} 5. c3 {[%clk 1:32:42]} Nf6 {[%clk 1:31:35]}
6. h3 {[%clk 1:32:58]} g6 {[%clk 1:31:41]} 7. Nf3 {[%clk 1:21:03]} Bf5
{[%clk 1:30:28]} 8. O-O {[%clk 1:14:53]} Bg7 {[%clk 1:14:58]} 9. Re1
{[%clk 1:11:16]} h5 {[%clk 1:05:30]} 10. Bxf5 {[%clk 1:09:45]} gxf5
{[%clk 1:05:52]} 11. Nh4 {[%clk 1:10:08]} Qc7 {[%clk 0:51:15]} 12. Nxf5
{[%clk 1:09:40]} Rg8 {[%clk 0:50:01]} 13. Qf3 {[%clk 1:04:08]} O-O-O
{[%clk 0:47:00]} 14. Nd2 {[%clk 0:44:23]} Bf8 {[%clk 0:41:14]} 15. b3 e6
{[%clk 0:40:40]} 16. Ne3 {[%clk 0:35:34]} Rg6 {[%clk 0:40:06]} 17. Bb2
{[%clk 0:31:10]} Bh6 {[%clk 0:38:40]} 18. Ndf1 {[%clk 0:31:32]} Rdg8
{[%clk 0:37:26]} 19. c4 {[%clk 0:30:32]} Ne4 {[%clk 0:34:13]} 20. Qxh5
{[%clk 0:25:13]} f5 {[%clk 0:33:59]} 21. cxd5 {[%clk 0:24:38]} f4
{[%clk 0:30:33]} 22. Ng4 {[%clk 0:25:04]} Nf6 {[%clk 0:28:17]} 23. d6
{[%clk 0:23:38]} Qg7 {[%clk 0:24:07]} 24. d5 {[%clk 0:23:05]} e5 {[%clk 0:20:57]}
25. Qf5+ {[%clk 0:18:49]} Kd8 {[%clk 0:16:35]} 26. dxc6 {[%clk 0:19:02]} bxc6
{[%clk 0:17:02]} 27. Bxe5 {[%clk 0:19:00]} Bg5 {[%clk 0:14:51]} 28. Bxf6+
{[%clk 0:18:01]} Bxf6 {[%clk 0:15:05]} 29. Qa5+ {[%clk 0:18:26]} Kc8
{[%clk 0:13:57]} 30. Re7 {[%clk 0:18:37]} Qxe7 {[%clk 0:13:12]} 31. dxe7
{[%clk 0:19:01]} Bxe7 {[%clk 0:13:27]} 32. Qxa7 {[%clk 0:18:36]} Bd6
{[%clk 0:13:17]} 33. Rc1 {[%clk 0:18:18]} c5 {[%clk 0:13:06]} 34. Rd1
{[%clk 0:18:16]} R8g7 {[%clk 0:12:18]} 35. Qa6+ {[%clk 0:17:11]} Kc7
{[%clk 0:12:15]} 36. Rxd6 {[%clk 0:17:25]} Re6 37. Rc6+ Rxc6 {[%clk 0:12:40]} 38.
Qa7+ {[%clk 0:17:42]} Rd6 {[%clk 0:13:09]} 1-0

[Event "EUYCC 2025 - U12"]
[Site "?"]
[Date "2025.08.20"]
[Round "2.14"]
[White "Kroslakova, Michaela"]
[Black "Nagy-Konya, Luca"]
[Result "1-0"]
[BlackElo "1526"]
[WhiteElo "1655"]
[LiveChessVersion "1.4.8"]

1. e4 {[%clk 1:30:58]} c5 {[%clk 1:30:56]} 2. Nf3 {[%clk 1:31:15]} d6
{[%clk 1:31:18]} 3. d4 {[%clk 1:31:37]} cxd4 {[%clk 1:31:43]} 4. Qxd4
{[%clk 1:31:53]} Nc6 {[%clk 1:32:03]} 5. Bb5 {[%clk 1:32:10]} Bd7
{[%clk 1:32:27]} 6. Qd3 {[%clk 1:32:23]} Nf6 {[%clk 1:31:44]} 7. Bg5
{[%clk 1:32:24]} e6 {[%clk 1:32:00]} 8. Nc3 {[%clk 1:32:35]} Be7 {[%clk 1:32:21]}
9. O-O-O {[%clk 1:32:38]} a6 {[%clk 1:32:25]} 10. Ba4 {[%clk 1:29:46]} h6
{[%clk 1:28:32]} 11. Bxf6 {[%clk 1:29:13]} gxf6 {[%clk 1:27:59]} 12. Bxc6
{[%clk 1:21:13]} Bxc6 {[%clk 1:27:32]} 13. Nd4 {[%clk 1:21:06]} Qc7
{[%clk 1:25:25]} 14. f4 {[%clk 1:17:32]} O-O-O {[%clk 1:23:06]} 15. f5 Bd7
{[%clk 1:20:36]} 16. g4 {[%clk 1:12:20]} Kb8 {[%clk 1:19:45]} 17. Kb1
{[%clk 1:05:50]} h5 {[%clk 1:17:16]} 18. h3 {[%clk 1:04:42]} Rc8 {[%clk 1:16:03]}
19. Qe2 {[%clk 1:01:59]} Qb6 {[%clk 1:14:40]} 20. Qd3 {[%clk 0:53:18]} Rc7
{[%clk 1:14:36]} 21. Nb3 {[%clk 0:49:19]} a5 {[%clk 1:13:38]} 22. Qd4
{[%clk 0:48:13]} Qb4 {[%clk 1:13:18]} 23. a3 {[%clk 0:44:03]} Qxd4
{[%clk 1:13:12]} 24. Nxd4 {[%clk 0:42:38]} Rc4 {[%clk 1:13:18]} 25. Nde2
{[%clk 0:34:56]} Bc6 {[%clk 1:11:44]} 26. Nd4 {[%clk 0:26:52]} hxg4
{[%clk 1:11:46]} 27. Nxc6+ {[%clk 0:26:57]} Rxc6 {[%clk 1:11:38]} 28. hxg4
{[%clk 0:27:13]} Rg8 {[%clk 1:11:42]} 29. Rdg1 {[%clk 0:26:47]} Rc5
{[%clk 1:10:09]} 30. Rh7 {[%clk 0:26:08]} Rf8 {[%clk 1:10:11]} 31. fxe6
{[%clk 0:24:50]} Bd8 {[%clk 1:09:19]} 32. exf7 {[%clk 0:23:45]} Bb6
{[%clk 1:09:32]} 33. Rf1 {[%clk 0:23:10]} Rc7 {[%clk 1:09:21]} 34. Nd5
{[%clk 0:21:41]} Bd4 {[%clk 1:07:16]} 35. Nxc7 {[%clk 0:21:41]} Kxc7
{[%clk 1:07:39]} 36. c3 {[%clk 0:21:11]} Be5 {[%clk 1:08:04]} 37. Kc2
{[%clk 0:21:04]} Kc6 {[%clk 1:08:14]} 38. Rf5 {[%clk 0:20:52]} Kd7
{[%clk 1:08:24]} 39. g5 {[%clk 0:20:18]} fxg5 {[%clk 1:08:40]} 40. Rxg5
{[%clk 0:20:35]} Ke7 {[%clk 1:08:18]} 41. Rg8 {[%clk 0:20:26]} b5
{[%clk 1:08:17]} 42. b3 {[%clk 0:19:52]} Bf4 {[%clk 1:07:00]} 43. b4
{[%clk 0:18:51]} axb4 {[%clk 1:07:14]} 44. axb4 {[%clk 0:18:55]} Be5
{[%clk 1:07:01]} 45. Kd3 {[%clk 0:17:48]} d5 {[%clk 1:06:18]} 46. exd5
{[%clk 0:17:35]} Rxf7 {[%clk 1:06:39]} 47. Rxf7+ {[%clk 0:17:48]} Kxf7
{[%clk 1:07:07]} 48. Rg5 {[%clk 0:17:47]} Bf6 {[%clk 1:07:05]} 49. Rf5
{[%clk 0:18:08]} Ke7 {[%clk 1:07:08]} 50. Rxf6 {[%clk 0:18:34]} Kxf6
{[%clk 1:07:27]} 51. Kd4 {[%clk 0:19:03]} 1-0

[Event "EUYCC 2025 - U12"]
[Site "?"]
[Date "2025.08.20"]
[Round "2.15"]
[White "Svabova, Klara"]
[Black "Maesepp, Stella"]
[Result "1-0"]
[BlackElo "1520"]
[WhiteElo "1653"]
[LiveChessVersion "1.4.8"]

1. d4 {[%clk 1:30:57]} d5 {[%clk 1:30:50]} 2. c4 {[%clk 1:31:21]} c6
{[%clk 1:31:12]} 3. Nf3 {[%clk 1:31:45]} Nf6 {[%clk 1:31:19]} 4. Nc3
{[%clk 1:32:06]} e6 {[%clk 1:31:33]} 5. Bg5 {[%clk 1:32:28]} Be7 {[%clk 1:31:24]}
6. e3 {[%clk 1:32:41]} h6 {[%clk 1:31:35]} 7. Bh4 {[%clk 1:33:00]} Nbd7
{[%clk 1:30:43]} 8. Bd3 {[%clk 1:32:14]} a6 {[%clk 1:30:33]} 9. c5
{[%clk 1:26:01]} O-O {[%clk 1:19:21]} 10. b4 {[%clk 1:25:24]} b5 {[%clk 1:17:51]}
11. O-O {[%clk 1:24:35]} Bb7 {[%clk 1:17:14]} 12. Re1 {[%clk 1:23:43]} Re8
{[%clk 1:16:31]} 13. h3 {[%clk 1:12:04]} Nh7 {[%clk 0:59:31]} 14. Bg3
{[%clk 1:10:45]} Bf6 {[%clk 0:39:50]} 15. e4 {[%clk 0:53:51]} e5 {[%clk 0:35:23]}
16. exd5 {[%clk 0:53:54]} exd4 {[%clk 0:33:59]} 17. Rxe8+ {[%clk 0:54:12]} Qxe8
{[%clk 0:34:06]} 18. Bxh7+ {[%clk 0:54:35]} Kxh7 {[%clk 0:34:08]} 19. dxc6
{[%clk 0:53:42]} Bxc6 {[%clk 0:29:57]} 20. Nxd4 {[%clk 0:51:24]} Rc8
{[%clk 0:26:54]} 21. Qd3+ {[%clk 0:46:10]} Kg8 {[%clk 0:26:42]} 22. Rd1
{[%clk 0:42:53]} Bxd4 {[%clk 0:25:36]} 23. Qxd4 {[%clk 0:43:00]} Nf6
{[%clk 0:21:35]} 24. Be5 {[%clk 0:40:38]} Nd7 {[%clk 0:17:47]} 25. Bxg7
{[%clk 0:40:25]} Qe6 {[%clk 0:16:58]} 26. Rd3 {[%clk 0:35:14]} Kh7
{[%clk 0:12:59]} 27. Re3 {[%clk 0:31:13]} Qf5 {[%clk 0:10:59]} 28. Be5
{[%clk 0:29:48]} Rg8 {[%clk 0:10:23]} 29. Bg3 {[%clk 0:29:04]} Rg6
{[%clk 0:04:28]} 30. Qd3 {[%clk 0:27:58]} Qf6 {[%clk 0:03:59]} 31. Nd5
{[%clk 0:27:14]} Bxd5 {[%clk 0:02:51]} 32. Qxd5 {[%clk 0:27:37]} Qa1+
{[%clk 0:02:18]} 33. Kh2 {[%clk 0:27:44]} Nf6 {[%clk 0:01:59]} 34. Qxf7+
{[%clk 0:27:51]} Rg7 {[%clk 0:02:20]} 35. Qe6 {[%clk 0:27:56]} Qf1
{[%clk 0:01:31]} 36. Qxf6 {[%clk 0:28:00]} h5 {[%clk 0:01:01]} 37. Qf5+
{[%clk 0:27:53]} Kg8 {[%clk 0:01:08]} 38. Re8# {[%clk 0:28:06]} 1-0

[Event "EUYCC 2025 - U12"]
[Site "?"]
[Date "2025.08.20"]
[Round "2.16"]
[White "Tanase, Andreea"]
[Black "Salim, Florian"]
[Result "1-0"]
[BlackElo "1649"]
[WhiteElo "1516"]
[LiveChessVersion "1.4.8"]

1. e4 {[%clk 1:30:57]} c5 {[%clk 1:30:55]} 2. Nf3 {[%clk 1:31:22]} Nc6
{[%clk 1:31:09]} 3. d4 {[%clk 1:31:47]} cxd4 {[%clk 1:31:33]} 4. Nxd4
{[%clk 1:32:10]} Nf6 {[%clk 1:31:53]} 5. Nc3 {[%clk 1:32:34]} e5 {[%clk 1:32:16]}
6. Ndb5 {[%clk 1:32:41]} d6 {[%clk 1:32:37]} 7. Bg5 {[%clk 1:33:03]} a6
{[%clk 1:32:51]} 8. Na3 {[%clk 1:33:25]} b5 {[%clk 1:33:15]} 9. Nd5
{[%clk 1:33:19]} Be7 {[%clk 1:33:34]} 10. Bxf6 {[%clk 1:33:23]} Bxf6
{[%clk 1:32:51]} 11. c3 {[%clk 1:33:30]} Bg5 {[%clk 1:33:03]} 12. Nc2
{[%clk 1:33:25]} O-O {[%clk 1:33:10]} 13. a4 {[%clk 1:33:06]} bxa4
{[%clk 1:32:48]} 14. Rxa4 {[%clk 1:33:05]} a5 {[%clk 1:32:51]} 15. Bc4
{[%clk 1:33:22]} Be6 {[%clk 1:30:59]} 16. Nce3 {[%clk 1:30:42]} g6
{[%clk 1:28:33]} 17. h4 {[%clk 1:23:59]} Bxh4 {[%clk 1:26:26]} 18. g3
{[%clk 1:23:39]} Be7 {[%clk 1:23:22]} 19. f4 {[%clk 1:21:44]} exf4
{[%clk 1:12:46]} 20. gxf4 {[%clk 1:19:22]} Kg7 {[%clk 1:11:12]} 21. f5
{[%clk 1:01:09]} Bd7 {[%clk 1:05:34]} 22. Ra1 {[%clk 0:56:51]} Bg5
{[%clk 0:53:41]} 23. Qe2 {[%clk 0:48:55]} Rh8 {[%clk 0:49:39]} 24. Rf1
{[%clk 0:43:53]} Bxe3 {[%clk 0:44:24]} 25. Nxe3 {[%clk 0:42:17]} Qh4+
{[%clk 0:41:11]} 26. Kd2 {[%clk 0:39:15]} Qxe4 {[%clk 0:40:23]} 27. fxg6
{[%clk 0:38:41]} Be6 {[%clk 0:31:23]} 28. gxf7 {[%clk 0:27:24]} Bxc4
{[%clk 0:28:23]} 29. Qxc4 {[%clk 0:17:47]} Qxc4 {[%clk 0:28:00]} 30. Nxc4
{[%clk 0:18:14]} Rhf8 {[%clk 0:27:56]} 31. Rg1+ {[%clk 0:15:41]} Kxf7
{[%clk 0:25:47]} 32. Nxd6+ {[%clk 0:14:26]} Ke6 {[%clk 0:25:44]} 33. Nc4
{[%clk 0:13:38]} Rf4 {[%clk 0:24:06]} 34. b3 {[%clk 0:11:25]} Kf6
{[%clk 0:20:31]} 35. Rh1 {[%clk 0:10:28]} Rg4 {[%clk 0:18:20]} 36. Rxh7
{[%clk 0:09:30]} Rd8+ {[%clk 0:17:56]} 37. Ke3 {[%clk 0:08:53]} Kg6
{[%clk 0:17:03]} 38. Rah1 {[%clk 0:06:33]} Kf5 {[%clk 0:14:35]} 39. R1h5+
{[%clk 0:05:23]} Rg5 {[%clk 0:14:50]} 40. Rxg5+ {[%clk 0:05:18]} Kxg5
{[%clk 0:15:14]} 41. Rc7 {[%clk 0:05:08]} Re8+ {[%clk 0:15:21]} 42. Kd2
{[%clk 0:05:12]} Re6 {[%clk 0:15:38]} 43. Nxa5 {[%clk 0:04:33]} Nxa5
{[%clk 0:15:03]} 44. Rc5+ {[%clk 0:05:01]} Kf4 {[%clk 0:15:24]} 45. Rxa5
{[%clk 0:05:16]} Ke4 {[%clk 0:15:22]} 46. Ra1 {[%clk 0:05:10]} Rd6+
{[%clk 0:15:36]} 47. Kc2 {[%clk 0:05:38]} Kf3 {[%clk 0:15:54]} 48. Re1
{[%clk 0:05:32]} Ra6 {[%clk 0:16:06]} 49. Kb2 {[%clk 0:05:50]} Rd6
{[%clk 0:15:45]} 50. b4 1-0

[Event "EUYCC 2025 - U12"]
[Site "?"]
[Date "2025.08.20"]
[Round "2.17"]
[White "Siskova, Alexandra"]
[Black "Gawerska, Karolina"]
[Result "0-1"]
[BlackElo "1583"]
[WhiteElo "1471"]
[LiveChessVersion "1.4.8"]

1. c4 {[%clk 1:30:58]} e5 {[%clk 1:30:53]} 2. Nc3 {[%clk 1:31:21]} Nc6
{[%clk 1:31:09]} 3. g3 {[%clk 1:31:32]} g6 {[%clk 1:31:31]} 4. Bg2
{[%clk 1:31:43]} Bg7 {[%clk 1:31:50]} 5. Nf3 {[%clk 1:32:05]} Nh6
{[%clk 1:31:24]} 6. O-O {[%clk 1:31:15]} O-O {[%clk 1:31:00]} 7. e4
{[%clk 1:30:00]} d6 {[%clk 1:30:38]} 8. h3 {[%clk 1:27:58]} Be6 {[%clk 1:29:13]}
9. d3 {[%clk 1:27:16]} f6 {[%clk 1:16:57]} 10. Be3 {[%clk 1:25:55]} Qd7
{[%clk 1:16:00]} 11. Kh2 {[%clk 1:24:56]} f5 {[%clk 1:13:51]} 12. Ng5
{[%clk 1:22:43]} f4 {[%clk 1:13:08]} 13. Nxe6 {[%clk 1:22:22]} Qxe6
{[%clk 1:13:26]} 14. Bd2 {[%clk 1:21:14]} Nd4 {[%clk 1:12:13]} 15. Nd5
{[%clk 1:18:18]} fxg3+ {[%clk 1:10:01]} 16. fxg3 {[%clk 1:18:28]} Rxf1
{[%clk 1:09:58]} 17. Qxf1 {[%clk 1:18:51]} Rf8 {[%clk 1:10:14]} 18. Qd1
{[%clk 1:19:11]} c6 {[%clk 1:10:30]} 19. Nb4 {[%clk 1:17:57]} Rf2
{[%clk 1:07:21]} 20. Qe1 {[%clk 1:15:27]} Nf3+ {[%clk 1:07:00]} 0-1